[Event "Miskolc Avas op"]
[Site "Miskolc"]
[Date "2005.08.20"]
[Round "5"]
[White "Prokopisin, Vasily"]
[Black "Szilagyi, Zsolt"]
[Result "1-0"]
[WhiteElo "2318"]
[BlackElo "2297"]
[PlyCount "97"]
[EventDate "2005.08.18"]
[EventType "swiss"]
[EventRounds "7"]
[EventCountry "HUN"]
[SourceTitle "EXT 2008"]
[Source "ChessBase"]
[SourceDate "2007.11.25"]
[SourceVersion "1"]
[SourceVersionDate "2007.11.25"]
[SourceQuality "1"]

1. Nf3 c5 2. c4 e6 3. g3 Nf6 4. Bg2 Be7 5. 0-0 0-0 6. d4 cxd4 7. Nxd4 d6 8. Nc3 a6 9. b3 Nbd7 10. Bb2 Ne5 11. Qd2 Qc7 12. Rac1 Rd8 13. f4 Ng6 14. e4 Nf8 15. Kh1 b6 16. e5 dxe5 17. fxe5 Qxe5 18. Bxa8 Rxd4 19. Qg2 Qh5 20. Ne4 Rxe4 21. Bxe4 Nxe4 22. Qxe4 Qc5 23. h3 Qc7 24. Be5 Qa7 25. Kh2 f6 26. Bc3 Qc7 27. Rcd1 Bb7 28. Qe2 Kf7 29. Rfe1 Qc6 30. Bd4 Ng6 31. Qf2 Bd6 32. Bxb6 Ne5 33. Rxe5 Bxe5 34. Be3 h5 35. Bf4 Bd4 36. Qe2 g5 37. Qf1 gxf4 38. Rxd4 e5 39. Rd5 Qe6 40. Rd2 fxg3+ 41. Kxg3 h4+ 42. Kxh4 f5 43. Kg3 f4+ 44. Kh2 Qc6 45. Qd1 Ke6 46. Qg4+ Kf6 47. Rg2 Ke7 48. Qg7+ Kd8 49. Rd2+ 1-0

[Event "Miskolc Avas op"]
[Site "Miskolc"]
[Date "2005.08.19"]
[Round "3"]
[White "Burnoiu, Nicolae Costel"]
[Black "Szilagyi, Zsolt"]
[Result "1-0"]
[WhiteElo "2373"]
[BlackElo "2297"]
[PlyCount "61"]
[EventDate "2005.08.18"]
[EventType "swiss"]
[EventRounds "7"]
[EventCountry "HUN"]
[SourceTitle "EXT 2008"]
[Source "ChessBase"]
[SourceDate "2007.11.25"]
[SourceVersion "1"]
[SourceVersionDate "2007.11.25"]
[SourceQuality "1"]

1. e4 e6 2. d4 d5 3. Nd2 dxe4 4. Nxe4 Nd7 5. Nf3 Ngf6 6. Nxf6+ Nxf6 7. Bd3 c5 8. 0-0 cxd4 9. Nxd4 Be7 10. Re1 0-0 11. c3 Qa5 12. Bf4 Rd8 13. Qf3 Qh5 14. Qg3 Nd5 15. Be5 Qh6 16. Rad1 Bd7 17. Qf3 Bf6 18. Bxf6 Qxf6 19. Qe4 g6 20. Bc4 Ba4 21. Rd3 Nb6 22. Rf3 Qg5 23. Rxf7 Nxc4 24. Qxb7 Qh6 25. Nxe6 Re8 26. Rf4 Nd6 27. Qd5 Bd7 28. Nd8+ Kg7 29. Qd4+ Kg8 30. Rxe8+ Nxe8 31. Qd5+ 1-0

[Event "Miskolc Avas op"]
[Site "Miskolc"]
[Date "2005.08.19"]
[Round "2"]
[White "Szilagyi, Zsolt"]
[Black "Szekelyhidi, Tamas"]
[Result "1-0"]
[WhiteElo "2297"]
[BlackElo "1870"]
[PlyCount "29"]
[EventDate "2005.08.18"]
[EventType "swiss"]
[EventRounds "7"]
[EventCountry "HUN"]
[SourceTitle "EXT 2008"]
[Source "ChessBase"]
[SourceDate "2007.11.25"]
[SourceVersion "1"]
[SourceVersionDate "2007.11.25"]
[SourceQuality "1"]

1. e4 e5 2. Nf3 Nc6 3. d4 exd4 4. Nxd4 Nf6 5. Nxc6 bxc6 6. Bd3 d5 7. e5 Qe7 8. f4 Bg4 9. Qd2 g6 10. Qc3 c5 11. 0-0 Ne4 12. Bxe4 dxe4 13. Nd2 Bf5 14. Re1 e3 15. Nb3 1-0

[Event "HUN-chT2 Maroczy 0405"]
[Site "Hungary"]
[Date "2005.04.24"]
[Round "11"]
[White "Szilagyi, Zsolt"]
[Black "Meszaros, Gyula"]
[Result "0-1"]
[WhiteElo "2269"]
[BlackElo "2410"]
[PlyCount "121"]
[EventDate "2004.09.26"]
[EventType "team"]
[EventRounds "11"]
[EventCountry "HUN"]
[SourceTitle "EXT 2008"]
[Source "ChessBase"]
[SourceDate "2007.11.25"]
[SourceVersion "1"]
[SourceVersionDate "2007.11.25"]
[SourceQuality "1"]
[WhiteTeam "Sarospatak"]
[BlackTeam "Miskolc"]
[WhiteTeamCountry "HUN"]
[BlackTeamCountry "HUN"]

1. e4 e6 2. d4 d5 3. Nc3 Bb4 4. e5 c5 5. a3 Bxc3+ 6. bxc3 Ne7 7. Nf3 Qa5 8. Bd2 Nbc6 9. Bd3 Bd7 10. 0-0 c4 11. Be2 f6 12. exf6 gxf6 13. Nh4 Ng6 14. Nxg6 hxg6 15. Qe1 0-0-0 16. Bf4 e5 17. dxe5 fxe5 18. Bg3 Bf5 19. Qd2 Rhe8 20. Rfc1 Nd4 21. Bf1 Nb5 22. Re1 Qxc3 23. Qxc3 Nxc3 24. Bxe5 Ne4 25. f4 Kd7 26. Rad1 Kc6 27. h4 b5 28. Re3 Bg4 29. Rd4 Kc5 30. Rexe4 dxe4 31. Rxe4 Re6 32. c3 Rd2 33. Re3 Kb6 34. Kh2 Ka5 35. Kg3 Bf5 36. Kf3 Ka4 37. g4 Bc2 38. Bh3 Bd1+ 39. Ke4 Bc2+ 40. Kf3 Rd3 41. Rxd3 Bxd3 42. g5 Re8 43. Bd4 a5 44. f5 Kxa3 45. f6 Be4+ 46. Kf4 Bd5 47. h5 Re4+ 48. Kg3 Rxd4 49. cxd4 c3 50. hxg6 c2 51. f7 c1Q 52. f8Q+ b4 53. Kh4 Qe1+ 54. Kh5 Qd1+ 55. Kh6 Qxd4 56. Kh7 Qh4+ 57. Qh6 Qe4 58. Qf8 a4 59. Qf2 b3 60. Bf5 Qh1+ 61. Kg7 0-1